Statistics for History of Kenya

Click here to take the quiz!

General Stats

  • This quiz has been taken 16 times
  • The average score is 10 of 20

Answer Stats

QuestionAnswer% Correct
What European country controlled Kenya from 1895–1963?United Kingdom
100%
The father of what U.S. president originally came from Kenya?Barack Obama
86%
At what country's embassy in Nairobi did Al-Qaeda kill 213 people in 1998?United States
86%
What revolt took place between 1952–1960 against that country?{Mau} {Mau} Uprising
79%
Who was the first President of Kenya?Jomo Kenyatta
57%
What country began ruling much of coastal Kenya after 1505 for trade purposes?Portugal
57%
What Kenyan-Mexican actress won an Oscar for "12 Years a Slave" in 2014?Lupita Nyong'o
50%
What national game reserve was established in 1961?{Maasai} Mara
50%
What was Kenya named after?{Mount} Kenya
50%
What prize did Wangari Maathai become the first African woman to win in 2004?Nobel Peace Prize
50%
What novel, set in Kenya, was published by Karen Blixen in 1937?{Out} {of} Africa
50%
Who became the first European to explore the region of current-day Kenya?Vasco da Gama
50%
What group of people migrated and settled in what is today Kenya around 1000 BCE?Bantu people
43%
What famous British ethologist and outspoken atheist was born in Nairobi in 1941?Richard {Dawkins}
43%
The Arabs from what Middle Eastern empire, or country, defeated the above
to establish its own authority in Kenya in 1698?
{Oman}i Empire
36%
What was the name of Kenya between 1895–1920 when under that country's rule?{East} {Africa}
Protectorate
29%
What Kenyan athlete broke the marathon record in 2018, with a time of 2:01:39?Eliud Kipchoge
29%
What killed 28–31 people building a railroad over the Tsavo river in 1898?Lions
29%
Into what third-world country did a 2023 UN ruling authorize a
Kenya-led "multinational security support mission"?
Haiti
14%
Who was the first documented European to have explored Lake Victoria?John Hanning {Speke}
14%

Score Distribution

Percentile by Number Answered

Percent of People with Each Score

Your Score History

You have not taken this quiz